Živý bič (Record no. 20041)
[ view plain ]
| 000 -LEADER | |
|---|---|
| fixed length control field | 00900nam a2200325 a 4500 |
| 001 - CONTROL NUMBER | |
| control field | 20041 |
| 003 - CONTROL NUMBER IDENTIFIER | |
| control field | VRT |
| 005 - DATE AND TIME OF LATEST TRANSACTION | |
| control field | 20260115105324.0 |
| 008 - FIXED-LENGTH DATA ELEMENTS--GENERAL INFORMATION | |
| fixed length control field | 950616s1989 xo g 000 1 slo c |
| 020 ## - INTERNATIONAL STANDARD BOOK NUMBER | |
| International Standard Book Number | 802220059X |
| Terms of availability | 20.00 |
| 035 ## - SYSTEM CONTROL NUMBER | |
| System control number | UKB000066726 |
| 039 #9 - LEVEL OF BIBLIOGRAPHIC CONTROL AND CODING DETAIL [OBSOLETE] | |
| Level of rules in bibliographic description | 201504281525 |
| Level of effort used to assign nonsubject heading access points | gluc |
| 040 ## - CATALOGING SOURCE | |
| Original cataloging agency | BAA001 |
| Language of cataloging | slo |
| Transcribing agency | BAA001 |
| Description conventions | AACR2 |
| 041 0# - LANGUAGE CODE | |
| Language code of text/sound track or separate title | slo |
| 044 ## - COUNTRY OF PUBLISHING/PRODUCING ENTITY CODE | |
| MARC country code | xo |
| ISO country code | SK |
| 080 ## - UNIVERSAL DECIMAL CLASSIFICATION NUMBER | |
| Universal Decimal Classification number | 885.4-31 URBAN,M. |
| 100 1# - MAIN ENTRY--PERSONAL NAME | |
| Personal name | Urban, Milo, |
| Dates associated with a name | 1904-1982 |
| 245 10 - TITLE STATEMENT | |
| Title | Živý bič |
| Statement of responsibility, etc. | Milo Urban ; dosl. nap. Ivan Sulík |
| 250 ## - EDITION STATEMENT | |
| Edition statement | 4. vyd. |
| 260 ## - PUBLICATION, DISTRIBUTION, ETC. | |
| Place of publication, distribution, etc. | Bratislava |
| Name of publisher, distributor, etc. | Tatran |
| Date of publication, distribution, etc. | 1989 |
| 300 ## - PHYSICAL DESCRIPTION | |
| Extent | 299 s. |
| 490 1# - SERIES STATEMENT | |
| Series statement | Hviezdoslavova knižnica |
| Volume/sequential designation | zv. 308 |
| 653 ## - INDEX TERM--UNCONTROLLED | |
| Uncontrolled term | 885.4-31 Urban,M. |
| 700 1# - ADDED ENTRY--PERSONAL NAME | |
| Personal name | Sulík, Ivan, |
| Dates associated with a name | 1943- |
| Relationship | aft |
| 830 #0 - SERIES ADDED ENTRY--UNIFORM TITLE | |
| Uniform title | Hviezdoslavova knižnica |
| 910 ## - USER-OPTION DATA (OCLC) | |
| User-option data | ukb |
| 942 ## - ADDED ENTRY ELEMENTS (KOHA) | |
| Source of classification or shelving scheme | Dewey Decimal Classification |
| Koha item type | Krásna literatúra pre dospelých |
| Suppress in OPAC | No |
| 949 ## - LOCAL PROCESSING INFORMATION (OCLC) | |
| 6 | 1800078420 |
| a | 30.D.24322 |
| b | PV.2491-89 |
| 949 ## - LOCAL PROCESSING INFORMATION (OCLC) | |
| 6 | 1800137980 |
| a | SL.D.08384 |
| b | PV.2492-89 |
| Stav vyradenia | Strata | Poškodenie | Spôsob nadobudnutia | Domovská knižnica | Aktuálna knižnica | Dátum nadobudnutia | Total checkouts | Čiarový kód exemplára | Date last seen | Typ exemplára |
|---|---|---|---|---|---|---|---|---|---|---|
| Dar | Obecná knižnica Belá-Dulice | Obecná knižnica Belá-Dulice | 15.01.2026 | 4735903326 | 15.01.2026 | Krásna literatúra pre dospelých |
